000
00296nam a22001217a 4500
082
_a
620 MOL'T
100
_a
THURSTON, A.P
_9
60657
245
_a
MOLESWORTH'S HANDBOOK OF ENGINEERING FORMULA AND DATA
250
_a
34TH
260
_a
LONDON
_b
E & F.N
_c
1951
300
_a
XXIV, 1672P
942
_c
BK
999
_c
570338
_d
570338